| 000 | 00525nam a2200193Ia 4500 | ||
|---|---|---|---|
| 003 | GCL | ||
| 008 | 140319s9999 xx 000 0 eng d | ||
| 040 |
_aGCL / _cGCL |
||
| 082 | 0 | 4 |
_a335.4 _bE K |
| 100 | 1 | _aMARXIAM SYSTEMS | |
| 245 | 1 | 0 |
_aK.MCUX: THE CLASS STRUGGLES IN FRANCE 1848 TO 1850 / _cMARXIAM SYSTEMS |
| 700 | 1 | _aMARXIAM THEORY | |
| 700 | 1 | _aENGELS,FREDERICK | |
| 260 |
_a[S.N] : _bPROGRESS PUBLISHERS ، _c1968 |
||
| 300 | _a142P | ||
| 650 | 0 | 4 | _aMARXIAM SYSTEM |
| 650 | 0 | 4 | _aMARXIAM THEORY |
| 942 |
_2ddc _cBK |
||
| 999 |
_c12012 _d12012 |
||